Problémy hospodárenia obcí v SR diplomová práca

Na minha lista:
Detalhes bibliográficos
Autor principal: Brišová, Adriána
Autor Corporativo: Národohospodárska fakulta EU. Katedra financií
Outros Autores: Belkovicsová, Daša, 1982-
Formato: Livro
Idioma:eslovaco
Publicado em: Bratislava 2019
Tags: Adicionar Tag
Sem tags, seja o primeiro a adicionar uma tag!

MARC

LEADER 00000nbm a2200000 4500
001 0254972
005 20190724124439.3
041 0 |a slo 
044 |a SK 
245 1 0 |a Problémy hospodárenia obcí v SR  |b diplomová práca  |c Adriána Brišová ; školiteľ: Daša Belkovicsová 
264 1 |a Bratislava  |c 2019 
300 |a 75 s. 
100 1 |a Brišová, Adriána 
700 1 |a Belkovicsová, Daša, 1982- 
710 2 |a Národohospodárska fakulta EU. Katedra financií